000 00553nam a22001577a 4500
999 _c15481
_d15481
003 OSt
008 180925b ||||| |||| 00| 0 eng d
082 _a631.75807
_bNAF/PE
100 _aNafla. K
_aNavaneeth B.S
_93336
245 _aperformance evaluation of a subsurface flow constructed wetland
260 _aThavanur
_bDepartment of land and water resources and conservation engineering
_c2018
300 _avii, 61
_eCD
700 _aJinu. A (Guide)
_93213
856 _uhttps://drive.google.com/open?id=1NbJUWi95pX_WgrR7NTwDYuyjCfFMSqIp
942 _cPR